000 01071cam a2200217 4500
001 J124607
008 031211n2003 000 0 eng u
035 _a(Sirsi) u124607
041 _aeng
245 _aWater Environment and Water Services (Scotland) Act 2003
_h[electronic resource]
260 _aLondon
_bHMSO
_c2003
520 _aThis Act sets out new arrangements for the protection of the water environment and changes how new connections to public water and sewerage infrastructure are to be funded. The water environment provisions of the Act Part I make or enable provision to be made in connection with implementing Directive 2000/60/EC (the EU Water Framework Directive).
650 _aWATER POLLUTION
650 _aWASTE MANAGEMENT
650 _aSEWERAGE SYSTEMS
650 _aDRAINAGE SYSTEMS
650 _aWATER MANAGEMENT
690 _aENVIRONMENTAL AND LAND CONSULTANCY
856 _uhttps://www.scotland-legislation.hmso.gov.uk/legislation/scotland/acts2003/20030003.htm
_zView this Act at www.scotland-legislation.hmso.gov.uk
942 _n0
999 _c103253
_d103253